LEADER 04187nam 22005173 450 001 9910555116803321 005 20220218163836.0 010 $a1-119-67367-4 010 $a1-119-67365-8 035 $a(MiAaPQ)EBC6839044 035 $a(Au-PeEL)EBL6839044 035 $a(CKB)20275222900041 035 $a(OCoLC)1291315305 035 $a(EXLCZ)9920275222900041 100 $a20220104d2021 uy 0 101 0 $aeng 135 $aurcnu|||||||| 181 $ctxt$2rdacontent 182 $cc$2rdamedia 183 $acr$2rdacarrier 200 02$aA Companion to the Political Culture of the Roman Republic /$fedited by Valentina Arena, Jonathan Prag ; with assistant editor Andrew Stiles. 210 1$aNewark :$cJohn Wiley & Sons, Incorporated,$d2021. 210 4$dİ2022. 215 $a1 online resource (617 pages) 225 1 $aBlackwell Companions to the Ancient World Ser. 311 08$aPrint version: Arena, Valentina A Companion to the Political Culture of the Roman Republic Newark : John Wiley & Sons, Incorporated,c2021 9781444339659 327 $aIntro -- A COMPANION TO THE POLITICAL CULTURE OF THE ROMAN REPUBLIC -- Contents -- Notes on Editors -- Notes on Contributors -- Abbreviations -- Introduction -- 1 Political Culture: Career of a Concept -- Part I Modern Reading -- 2 Machiavelli's Roman Republic -- 3 The Roman Republic and the English Republic -- 4 Liberty, Rights and Virtue: The Roman Republic in Eighteenth-Century France -- 5 A Roman Revolution: Classical Republicanism in the Creation of the American Republic -- 6 Theodor Mommsen's History of Rome and Its Political and Intellectual Context -- 7 The Political Culture of the Republic since Syme's The Roman Revolution: A Story of a Debate -- Part II Ancient Interpreters -- 8 Polybius and Roman Political Culture -- 9 Cicero: In and Above the Republic's Political Culture -- 10 Sallust -- 11 Augustan Republics: Livy, Dionysius of Halicarnassus and the Politics of the Past -- 12 Plutarch's Evaluation of Roman Politics and Political Figures -- 13 Appian, Cassius Dio and the Roman Republic -- Part III Institutionalised Loci -- 14 The Census -- 15 The Senate -- 16 Roman Political Assemblies -- 17 Armies and Political Culture -- 18 Imperator and Politician: The Consul as the Highest Magistrate of the Republic -- 19 The Tribunate of the Plebs: Between Compromise and Revolution -- 20 Priests -- 21 Other Magistrates, Officials and Apparitores -- Part IV Political Actors -- 22 The Civis -- 23 Romans, Latins and Allies -- 24 Peregrini/Nationes Exterae: Foreigners and the Political Culture of the Roman Republic -- 25 Republican Elites: Patricians, Nobiles, Senators and Equestrians -- 26 Matronae and Politics in Republican Rome -- 27 On Freedom and Citizenship: Freedmen as Agents and Metaphors of Roman Political Culture -- Part V Values, Rituals and Political Discourse -- 28 Roman Republican Political Culture: Values and Ideology. 327 $a29 From Patronage to Violence and Bribery: Towards a New Political Culture -- 30 The Political Culture of the Plebs -- 31 The Law and the Courts in Roman Political Culture -- 32 Rhetoric and Roman Political Culture -- 33 Religion and Rituals in Republican Rome -- 34 Myth and Theatre -- 35 Imagery and Space -- Part VI Politics in Action - Case Studies -- 36 The Political Culture of Rome in 218-212 bce -- 37 Roman Political Culture in 169 bce -- 38 133 bce: Politics in a Time of Challenge and Crisis -- 39 88 bce -- 40 The Year 52 bce -- Index -- EULA. 410 0$aBlackwell Companions to the Ancient World Ser. 606 $aPolitical culture$zRome 606 $aRepublicanism$zRome 607 $aRome$xPolitics and government$y265-30 B.C 608 $aElectronic books. 615 0$aPolitical culture 615 0$aRepublicanism 676 $a320.93763 701 $aArena$b Valentina$01197490 701 $aPrag$b Jonathan R. W$01217217 701 $aStiles$b Andrew Peter$f1984-$01217218 801 0$bMiAaPQ 801 1$bMiAaPQ 801 2$bMiAaPQ 906 $aBOOK 912 $a9910555116803321 996 $aA Companion to the Political Culture of the Roman Republic$92815178 997 $aUNINA LEADER 02389nam 2200385 450 001 996280893703316 005 20230627223707.0 010 $a1-5386-3462-7 035 $a(CKB)4100000001193064 035 $a(NjHacI)994100000001193064 035 $a(EXLCZ)994100000001193064 100 $a20230419d2017 uy 0 101 0 $aeng 135 $aur||||||||||| 181 $ctxt$2rdacontent 182 $cc$2rdamedia 183 $acr$2rdacarrier 200 10$a2017 6th International Conference on Space Mission Challenges for Information Technology (SMC-IT) /$fInstitute of Electrical and Electronics Engineers (IEEE) Computer Society 210 1$aLos Alamitos, California :$cInstitute of Electrical and Electronics Engineers (IEEE),$d2017. 215 $a1 online resource (xi, 156 pages) $cillustrations some color 311 $a1-5386-3463-5 330 $aInformation technology (IT) has progressively grown in importance to space exploration efforts and today it often dominates the costs and schedules of space mission projects The International Conference on Space Mission Challenges for Information Technology (SMC IT) is the first forum to gather system and software engineers, scientists, and other practitioners with the objective of advancing information technology for space missions The forum provides an excellent opportunity for technical interchange for all aspects of IT used for space missions The conference will emphasize current and emerging IT practice and challenges for future space missions All aspects of the space mission will be explored, including flight systems, ground systems, science data processing, engineering and development tools, operations, and telecommunications The entire IT lifecycle of mission development will be considered. 517 $a2017 6th International Conference on Space Mission Challenges for Information Technology 606 $aAstronautics$xData processing$vCongresses 606 $aInformation technology$vCongresses 607 $aOuter space$xExploration$vCongresses 615 0$aAstronautics$xData processing 615 0$aInformation technology 676 $a629.4 801 0$bNjHacI 801 1$bNjHacl 906 $aPROCEEDING 912 $a996280893703316 996 $a2017 6th International Conference on Space Mission Challenges for Information Technology (SMC-IT)$92535661 997 $aUNISA